00986nam a2200217 i 4500001000700000003000900007005001700016008004100033100004400074245018800118260004000306300005000346599003100396650004900427700002900476700003300505700002900538852005800567999001900625952012400644167954ES-MaACL20230906213636.0051003s1895 gw f |||| | ger d1 aWislicenus, Georg (d1858-1927)913394810aUnsere Kriegsflotte b: dem deutschen Volke in Wort und Bild dargestellt / cvon George Wislicenus ; unter Mitwirkung der Marinemaler Carl Saltzmann, Friedr. Schwinge, Willy Stöwer. aLeipzig : bF.A. Brockhaus, c1895. a46 p., [20] h. de lám. col. ; c43 x 58 cm. aLám. representan barcos. 4aBarcos de guerra-vObras ilustradas.91626721 aSaltzmann, Carl.91687801 aSchwinge, Friedrich.91687811 aStöwer, Willy.91687824 aES-MaACLjB-6725 z- Enc. tela estampada en carpeta c167954d167954 001040708LIBXIXaATENEOMbATENEOMcSPBd2008-01-17eSSCl0oB-6725p1176203r2023-02-23 00:00:00w2023-02-23yMONANT